书目信息 |
| 题名: |
动态经济学方法
|
|
| 作者: | 龚六堂 著 | |
| 分册: | ||
| 出版信息: | 北京 北京大学出版社 2002 |
|
| 页数: | 554页 | |
| 开本: | 23cm | |
| 丛书名: | ||
| 单 册: | ||
| 中图分类: | F019.2 | |
| 科图分类: | ||
| 主题词: | 动态经济学--教材 , 动态经济学 | |
| 电子资源: | ||
| ISBN: | 7-301-05277-4 | |
| 000 | 00833nam0 2200265 450 | |
| 001 | 012007734366 | |
| 005 | 20070517095746.85 | |
| 010 | @a7-301-05277-4@dCNY50.00 | |
| 100 | @a20070514d2002 km y0chiy0120 ea | |
| 101 | 0 | @achi |
| 102 | @aCN@b110000 | |
| 105 | @ay z 000yy | |
| 106 | @ar | |
| 200 | 1 | @a动态经济学方法@Adong tai jing ji xue fang fa@f龚六堂著@Fgong liu tang zhu |
| 210 | @a北京@c北京大学出版社@d2002 | |
| 215 | @a554页@d23cm | |
| 300 | @a经济与金融高级教程 | |
| 330 | @a本书系统地介绍了动态经济学方法,并给出大量的经济学例子,如Ramsey模型、Sidrauski模型、OLG模型、投资模型等。 | |
| 510 | 1 | @aMethods of dynamic economics@zeng |
| 606 | 0 | @a动态经济学@j教材 |
| 606 | 0 | @a动态经济学 |
| 690 | @aF019.2@v4 | |
| 701 | 0 | @a龚六堂@Agong liu tang@4著 |
| 801 | 0 | @aCN@bRULIN@c20070517 |
| 905 | @dF019.2@e292@s8 | |
| 动态经济学方法/龚六堂著.-北京:北京大学出版社,2002 |
| 554页;23cm |
| 经济与金融高级教程 |
| ISBN 7-301-05277-4:CNY50.00 |
| 本书系统地介绍了动态经济学方法,并给出大量的经济学例子,如Ramsey模型、Sidrauski模型、OLG模型、投资模型等。 |
| ● |
| 相关链接 |
|
|
|
|
正题名:动态经济学方法
索取号:F019.2/292
 
预约/预借
| 序号 | 登录号 | 条形码 | 馆藏地/架位号 | 状态 | 备注 |
| 1 | 0578013 | 205780136 | 第一样本阅览室/ [索取号:F019.2/292] | 在馆 | |
| 2 | 0578014 | 205780145 | 第一借阅区/ [索取号:F019.2/292] | 在馆 | |
| 3 | 0578015 | 205780154 | 第一借阅区/ [索取号:F019.2/292] | 在馆 | |
| 4 | 0578016 | 205780163 | 第一借阅区/ [索取号:F019.2/292] | 在馆 | |
| 5 | 0578017 | 205780172 | 第一借阅区/ [索取号:F019.2/292] | 在馆 | |
| 6 | 0578018 | 205780181 | 第一借阅区/ [索取号:F019.2/292] | 在馆 | |
| 7 | 0578019 | 205780190 | 第一借阅区/ [索取号:F019.2/292] | 在馆 | |
| 8 | 0578020 | 205780207 | 第一借阅区/ [索取号:F019.2/292] | 在馆 |